Vainqueurs du prix Puskas depuis 2009 - Statistiques

Statistiques générales
  • Ce quiz a été pris 402 fois
    71 depuis la dernière actualisation
  • Le résultat moyen est 5 sur 16
Statistiques - réponses
Hint Réponse % Correct
2009 Cristiano Ronaldo
92%
2017 Olivier Giroud
83%
2011 Neymar
59%
2013 Zlatan Ibrahimović
52%
2018 Mohamed Salah
51%
2014 James Rodriguez
38%
2024 Alejandro Garnacho
37%
2020 Heung-Min Son
32%
2021 Erik Lamela
22%
2023 Guilherme Madruga
6%
2012 Miroslav Stoch
6%
2019 Dániel Zsóri
5%
2010 Hamit Altıntop
5%
2016 Mohd Faiz Subri
5%
2015 Wendell Lira
5%
2022 Marcin Olesky
3%
Aucun quiz correspondant
Distribution des résultats
% des personnes avec chaque résultat
Percentile par nombre de réponses
Votre historique - résultats
Vous n’avez pas pris ce quiz depuis la dernière actualisation